Η συγγραφή επιστημονικής εργασίας : από τη θεωρία στην πράξη

Αποθηκεύτηκε σε:
Λεπτομέρειες βιβλιογραφικής εγγραφής
Κύριος συγγραφέας: Θεοφιλίδης, Χρήστος
Μορφή: Βιβλίο
Γλώσσα:Greek
Δημοσίευση: Αθήνα : Γ. Δαρδανός, [1995, 2002].
Θέματα:
Ετικέτες: Προσθήκη ετικέτας
Δεν υπάρχουν, Καταχωρήστε ετικέτα πρώτοι!

MARC

LEADER 00000cam a2200000 i 4500
001 1/33439
008 960802t20021995gr | ||| |||| ||gre||
020 |a 9607643119 
035 |1 ΕΛΗ  |a 1996  |b 0108  |c ΒΙΒΛΙΟΘΗΚΗ  |l 10039370 
040 |a GR-MyUA  |b gre  |e AACR2 
041 0 |a gre 
082 0 |a 410.24 
100 1 |a Θεοφιλίδης, Χρήστος. 
245 1 2 |a Η συγγραφή επιστημονικής εργασίας :   |b από τη θεωρία στην πράξη /   |c Χρήστος Θεοφιλίδης.  
260 |a Αθήνα :   |b Γ. Δαρδανός,   |c [1995, 2002].  
300 |a 219 σ. ;   |c 24 εκ.  
504 |a Περιέχει βιβλιογραφικές αναφορές και ευρετήριο.  
650 0 0 |a Linguists' writings. 
650 0 0 |a Linguistics. 
650 0 0 |a Linguistics  |x Methodology. 
650 0 0 |a Communication in science. 
650 0 0 |a Science writers. 
852 |a INST  |b CHIOS  |e 20050524  |h 808.0665 ΘΕΟ  |p 005200021771  |q 005200021771  |t BK  |y 0 
852 |a INST  |b LESVOS  |e 19980604  |h 410.24 ΘΕΟ  |p 005100013913  |q 005100013913  |t BK  |y 0 
852 |a INST  |b LESVOS  |e 19980604  |h 410.24 ΘΕΟ  |p 005100013914  |q 005100013914  |t BK  |y 0 
852 |a INST  |b LESVOS  |e 19980604  |h 410.24 ΘΕΟ  |p 005100013915  |q 005100013915  |t BK  |y 0 
852 |a INST  |b LESVOS  |e 19980604  |h 410.24 ΘΕΟ  |p 005100013916  |q 005100013916  |t BK  |y 0 
852 |a INST  |b LESVOS  |e 19980604  |h 410.24 ΘΕΟ  |p 005100013917  |q 005100013917  |t BK  |y 0 
852 |a INST  |b LESVOS  |e 19980604  |h 410.24 ΘΕΟ  |p 005100013918  |q 005100013918  |t BK  |y 0 
852 |a INST  |b LESVOS  |e 19980604  |h 410.24 ΘΕΟ  |p 005100013919  |q 005100013919  |t BK  |y 0 
852 |a INST  |b LESVOS  |e 19980604  |h 410.24 ΘΕΟ  |p 005100013920  |q 005100013920  |t BK  |y 0 
852 |a INST  |b LESVOS  |e 19980604  |h 410.24 ΘΕΟ  |p 005100013921  |q 005100013921  |t BK  |y 0 
852 |a INST  |b LESVOS  |e 19980217  |h 410.24 ΘΕΟ  |p 005100015134  |q 005100015134  |t BK  |y 12 
852 |a INST  |b LESVOS  |e 20051121  |h 410.24 ΘΕΟ  |p 005100032995  |q 005100032995  |t BK  |y 0 
852 |a INST  |b LESVOS  |e 20051121  |h 410.24 ΘΕΟ  |p 005100032996  |q 005100032996  |t BK  |y 0 
852 |a INST  |b LESVOS  |e 20051121  |h 410.24 ΘΕΟ  |p 005100032997  |q 005100032997  |t BK  |y 0 
852 |a INST  |b LESVOS  |e 20051121  |h 410.24 ΘΕΟ  |p 005100032998  |q 005100032998  |t BK  |y 0 
852 |a INST  |b LESVOS  |e 20051121  |h 410.24 ΘΕΟ  |p 005100032999  |q 005100032999  |t BK  |y 0 
852 |a INST  |b LESVOS  |e 20051121  |h 410.24 ΘΕΟ  |p 005100033000  |q 005100033000  |t BK  |y 0 
852 |a INST  |b RHODES  |e 19990203  |h 808.02 ΘΕΟ  |p 005400005630  |q 005400005630  |t BK  |y 0 
852 |a INST  |b RHODES  |e 20070117  |h 808.02 ΘΕΟ  |p 005400023705  |q 005400023705  |t BK  |y 0 
852 |a INST  |b SAMOS  |e 19960802  |h 808.02 ΘΕΟ  |p 005300009446  |q 005300009446  |t BK  |y 0 
852 |a INST  |b SAMOS  |e 19980803  |h 808.02 ΘΕΟ  |p 005300010754  |q 005300010754  |t BK  |y 0 
852 |a INST  |b SAMOS  |e 19980803  |h 808.02 ΘΕΟ  |p 005300010755  |q 005300010755  |t BK  |y 0 
901 |a BIBL-1998-2 
901 |a BIBL2-2005-2 
901 |a BIBL4-2007-1 
901 |a BIBL3-2005-3 
901 |a BIBL1-2005- 
920 |a ΔΙΕΥΡΥΝΣΗ  |b ΕΠΕΑΕΚ-ΤΜΟΔ  |y Χίος  |z 2004-12 
920 |a ΔΙΕΥΡΥΝΣΗ  |b ΕΠΕΑΕΚ-ΤΕΘ  |y Λέσβος  |z 2005-10 
922 |a 3ΕΛΗ  |b 199806  |c ΚΠΣ  |d EMVASIS 
922 |a 4ΕΛΗ  |b 1998  |c ΚΠΣ/ΔΕ  |d EMVASIS 
922 |a 1ΕΛΗ  |b 199805  |c ΚΠΣ/ΤΓ  |d EMVASIS 
922 |a 1ΕΛΗ  |b 1998  |c ΚΠΣ/ΒΟΥΛΓΑΡΑΚΗΣ  |d EMVASIS 
950 |a 078-1997-06-30